| 000 | 00378nam a22001457a 4500 | ||
|---|---|---|---|
| 005 | 20250406061405.0 | ||
| 008 | 250406b |||||||| |||| 00| 0 eng d | ||
| 082 |
_222 _a894 _bEKA |
||
| 100 | _ashivasekaram, C | ||
| 245 | _aEgalaiva poomi | ||
| 260 |
_aMadras _bSouth Asian Books _c1995 |
||
| 300 | _a55 p ., | ||
| 500 | _aKavithai patriyathum, kavithakal patriyathum | ||
| 942 | _cL | ||
| 999 |
_c6013 _d6013 |
||